Acronynmyous Quiz Stats

 Plays Quiz not verified by Sporcle

Challenge
Share
Tweet
Embed
Score 0/200 Timer 20:00
0 Plays Today
Acronym Description % Correct
BTWBy the Way
88.2%
FYIFor Your Information
82.4%
IDKI Don't Know
82.4%
DOBDate of Birth
82.4%
THXThanks
76.5%
AKAAlso Known As
76.5%
ASAPAs Soon As Possible
76.5%
BMIBody Mass Index
76.5%
CPUCentral Processing Unit
76.5%
GPAGrade Point Average
76.5%
OMGOh My God
70.6%
FAQFrequently Asked Question
70.6%
WWWWorld Wide Web
70.6%
AAAlcoholics Anonymous
70.6%
DOADead On Arrival
70.6%
DUIDriving Under the Influence
70.6%
GNPGross National Product
70.6%
OTCOver the Counter
70.6%
DIYDo It Yourself
70.6%
LOLLaugh Out Loud
64.7%
BRBBe Right Back
64.7%
TGIFThank Goodness It's Friday
64.7%
L8RLater
64.7%
H8RHater
64.7%
RAMRandom Access Memory
64.7%
FBIFederal Bureau of Investigation
64.7%
3DThree Dimensional
64.7%
MIAMissing In Action
64.7%
BFFBest Friends Forever
64.7%
EREmergency Room
64.7%
NFLNational Football League
64.7%
GTG/G2GGot to Go
58.8%
WTFWhat the ****
58.8%
ATMAt the Moment
58.8%
MDMedical Doctor
58.8%
ETAEstimated Time of Arrival
58.8%
NHLNational Hockey League
58.8%
JKJust Kidding
58.8%
MIBMen In Black
58.8%
IMHOIn My Honest Opinion
52.9%
LMAOLaugh My Ass Off
52.9%
BBLBe Back Later
52.9%
NPNo Problem
52.9%
AIArtificial Intelligence
52.9%
ATVAll Terrain Vehicle
52.9%
BOBody Odor
52.9%
DODDepartment of Defense
52.9%
HAZMATHazardous Material
52.9%
KIAKilled In Action
52.9%
KKKKu Klux Klan
52.9%
Rxrecipere
52.9%
SSNSocial Security Number
52.9%
ROFLRolling on the Floor Laughing
47.1%
TTFNTa Ta For Now
47.1%
MYOBMind Your Own Business
47.1%
FTWFor the Win
47.1%
PMSPremenstrual Syndrome
47.1%
IRAIndividual Retirement Account
47.1%
USAUnited States of America
47.1%
ADDAttention Deficit Disorder
47.1%
UFOUnidentified Flying Object
47.1%
MLBMajor League Baseball
47.1%
GQGentleman's Quarterly
47.1%
IQIntelligence Quotient
47.1%
ISPInternet Service Provider
47.1%
TTYLTalk to You Later
41.2%
FWIWFor What It's Worth
41.2%
Acronym Description % Correct
PSPost Script
41.2%
ROMRead Only Memory
41.2%
BCBefore Christ
41.2%
CIACentral Intelligence Agency
41.2%
IRAIrish Republican Army
41.2%
LCDLiquid Crystal Display
41.2%
AAAAmerican Automobile Association
41.2%
APBAll Points Bulletin
41.2%
CODCall of Duty
41.2%
NBANational Basketball Association
41.2%
IMDbInternet Movie Database
41.2%
LANLocal Area Network
41.2%
NRANational Rifle Association
41.2%
PTSDPost-Traumatic Stress Disorder
41.2%
NIMBYNot In My Backyard
35.3%
IIRCIf I Recall Correctly
35.3%
OEDOxford English Dictionary
35.3%
NYSENew York Stock Exchange
35.3%
PINPersonal Identification Number
35.3%
FTCFederal Trade Commission
35.3%
HIVHuman Immunodeficiency Virus
35.3%
ADHDAttention Deficit Hyperactivity Disorder
35.3%
CSICrime Scene Investigation
35.3%
NYPDNew York Police Department
35.3%
POSPoint of Sale
35.3%
FDAFood and Drug Administration
35.3%
MTVMusic Television
35.3%
P2PPeer to Peer
35.3%
AFKAway From Keyboard
29.4%
UPCUniversal Product Code
29.4%
ATMAutomated Teller Machine
29.4%
SATScholastic Achievement Test
29.4%
OEMOriginal Equipment Manufacturer
29.4%
ACAir Conditioning
29.4%
ACDCAlternating Current Direct Current
29.4%
AWOLAbsent WithOut Leave
29.4%
CADComputer Aided-Design
29.4%
CCClosed Caption
29.4%
FMFrequency Modulation
29.4%
GOPGrand Ol Party
29.4%
IDTSI Don't Think So
29.4%
PETAPeople for the Ethical Treatment of Animals
29.4%
SMHShake My Head
23.5%
JASJust A Second
23.5%
AMAnte Meridian
23.5%
PMPost Meridian
23.5%
NATONorth Atlantic Treaty Organization
23.5%
NAACPNational Association for the Advancement of Colored People
23.5%
MADDMothers Against Drunk Driving
23.5%
SECSecurities and Exchange Commission
23.5%
FCCFederal Communications Commission
23.5%
WTOWorld Trade Organization
23.5%
YMCAYoung Men's Christian Association
23.5%
BPMBeats Per Minute
23.5%
OCOrange County
23.5%
RPGRole Playing Game
23.5%
GTAGrand Theft Auto
23.5%
PBSPublic Broadcasting Service
23.5%
PPVPay Per View
23.5%
NSFWNot Safe For Work
17.6%
IRLIn Real Life
17.6%
SCUBASelf Contained Underwater Breathing Apparatus
17.6%
ISBNInternational Standard Book Number
17.6%
ABSAntilock Breaking System
17.6%
ADAnno Domini
17.6%
AARPAmerican Association of Retired Persons
17.6%
ROTCReserve Officers' Training Corps
17.6%
Acronym Description % Correct
FDICFederal Deposit Insurance Corporation
17.6%
BBCBritish Broadcasting Company
17.6%
ABCAmerican Broadcasting Company
17.6%
SUVSports Utility Vehicle
17.6%
FPSFirst Person Shooter
17.6%
FUBAR**** Up Beyond All Recognition
17.6%
HPHorsepower
17.6%
HVACHeating Ventilation and Air Conditioning
17.6%
OSHAOccupational Safety and Health Administration
17.6%
OMWOn My Way
17.6%
TBATo Be Announced
17.6%
TAFNThat's All For Now
11.8%
JFGIJust **** Google It
11.8%
AFAICAs Far As I'm Concerned
11.8%
HGHHuman Growth Hormone
11.8%
OPECOrganization of the Petroleum Exporting Countries
11.8%
OBDOn Board Diagnostics
11.8%
NASANational Aeronautics and Space Administration
11.8%
NOAANational Oceanic and Atmospheric Administration
11.8%
LSATLaw School Admission Test
11.8%
BACBlood Alcohol Content
11.8%
CBSColumbia Broadcasting System
11.8%
EMSEmergency Medical Services
11.8%
FEMAFederal Emergency Management Agency
11.8%
HBOHome Box Office
11.8%
IRCInternet Relay Chat
11.8%
JAG(C)Judge Advocate General Corps
11.8%
LMSLike My Status
11.8%
MSNBCMicrosoft National Broadcasting Company
11.8%
RPGRocket Propelled Grenade
11.8%
TBSTurner Broadcasting System
11.8%
TMNTTeenage Mutant Ninja Turtles
11.8%
NASDAQNational Association of Securities Dealers Automated Quotations
5.9%
NECCoNew England Confectionery Company
5.9%
SQLStructured Query Language
5.9%
USOUnidentified Submersible Object
5.9%
MASHMobile Army Surgical Hospital
5.9%
SWATSpecial Weapons and Tactics
5.9%
GEDGeneral Educational Development
5.9%
NCAANational Collegiate Athletic Association
5.9%
NSANational Security Agency
5.9%
TASERThomas A. Swift's Electric Rifle
5.9%
TMZThirty Mile Zone
5.9%
PHATPretty Hot and Tempting
0%
LASERLight Amplification by the Stimulated Emission of Radiation
0%
RSVPRépondez S'il Vous Plaît
0%
AIDSAcquired Immune Deficiency Sydrome
0%
InterpolInternational Criminal Police Organization
0%
GestapoGeheime Staatspolizei
0%
RaDaRRadio Detection and Ranging
0%
JPEGJoint Photographic Experts Group
0%
PHPPre-Hypertext Processor
0%
GIFGraphics Interchange Format
0%
PCATPharmacy College Admission Test
0%
IEEEInstitute of Electrical and Electronics Engineers
0%
E3Electronic Entertainment Exposition
0%
AESAudio Engineers Society
0%
ASCIIAmerican Standard Code for Information Interchange
0%
NBCNational Broadcasting System
0%
NCISNaval Criminal Investigative Service
0%
SOCOMSpecial Operations Command
0%
NORADNorth American Aerospace Defense Command
0%
NTSCNational Television Standards Committee
0%
PCIPeripheral Component Interconnect
0%
RSSReally Simple Syndication
0%
SIRISpeech Interpretation and Recognition Interface
0%

You're not logged in!

Compare scores with friends on all Sporcle quizzes.
Join for Free
OR
Log In

You Might Also Like...

Show Comments

Extras

Top Quizzes Today


Score Distribution

Your Account Isn't Verified!

In order to create a playlist on Sporcle, you need to verify the email address you used during registration. Go to your Sporcle Settings to finish the process.

Report this User

Report this user for behavior that violates our Community Guidelines.

Details: